000 008030000a22002410004500
003 LK-CoMWRAF
005 20231030153912.0
008 230817t2001 ||||| |||| 00| 0 eng d
020 _a9068321161
040 _aLK-CoMWRAF
_dLK-CoMWRAF
_eLK-CoMWRAF
041 _aeng
082 _a618.1
_bWOM
245 _aWomen and infertility in sub-Saharan Africa:
_bA multi-disciplinary perspective
260 _aAmsterdam:
_bRoyal Tropical Institute,
_c2001
300 _a285 p. : ill., maps ; 24 cm.
_bIndex included
650 _aINFERTILITY, FEMALE
650 _aInfertility, Female--Africa, Sub-Saharan. I
650 _aInfertility--Africa, Sub-Saharan--Statistics.
650 _aHuman reproduction--Africa, Sub-Saharan.
700 _a Boerma, Ties
_eed.
700 _aMgalla, Zaida
_eed.
942 _cBK
999 _c406
_d406